[Event "25. Open Internacional de Parla 2010"]
[Site "Parla ESP"]
[Date "2010.09.08"]
[Round "5.29"]
[White "Lopez Heras, Arturo"]
[Black "Cavalle Pulla, Daniel"]
[Result "1/2-1/2"]
[WhiteElo "2013"]
[BlackElo "1847"]
[PlyCount "55"]
[EventDate "2010.09.04"]
[EventType "swiss"]
[EventRounds "9"]
[EventCountry "ESP"]
[Source "lmi"]
[SourceDate "2010.09.04"]

1. c4 e5 2. d3 Nc6 3. Nf3 d6 4. g3 g6 5. Bg2 Bg7 6. O-O f5 7. Nc3 Nf6 8. Rb1
O-O 9. Bd2 h6 10. b4 g5 11. e3 Be6 12. b5 Ne7 13. Ne1 Qc8 14. Qe2 d5 15. cxd5
Nfxd5 16. Nxd5 Bxd5 17. e4 Bxa2 18. Rc1 Be6 19. Nf3 f4 20. Bc3 g4 21. Nxe5 Bxe5
22. Bxe5 f3 23. Qe3 fxg2 24. Qxh6 gxf1=Q+ 25. Kxf1 Kf7 26. Qh5+ Kg8 27. Qg5+
Kf7 28. Qh5+ 1/2-1/2

[Event "25. Open Internacional de Parla 2010"]
[Site "Parla ESP"]
[Date "2010.09.08"]
[Round "5.30"]
[White "Garcia Salamero, Hector"]
[Black "Sanchez Garcia, Manuel"]
[Result "0-1"]
[WhiteElo "1776"]
[BlackElo "2002"]
[PlyCount "96"]
[EventDate "2010.09.04"]
[EventType "swiss"]
[EventRounds "9"]
[EventCountry "ESP"]
[Source "lmi"]
[SourceDate "2010.09.04"]

1. e4 c5 2. Nf3 d6 3. d4 Nf6 4. Nc3 cxd4 5. Nxd4 e6 6. g3 a6 7. Bg2 Qc7 8. O-O
Nc6 9. Nde2 Be7 10. h3 b5 11. a3 Bb7 12. Nf4 Ne5 13. Nd3 Nc4 14. Qe2 O-O 15.
Kh2 Rac8 16. f4 e5 17. fxe5 dxe5 18. Nf2 Rfd8 19. Ncd1 h6 20. c3 Bc5 21. Nd3
Qd6 22. Nxc5 Rxc5 23. Nf2 Qe6 24. h4 Rc7 25. Bh3 Qc6 26. Bg2 Rcd7 27. b3 Nd2
28. Rd1 Nxb3 29. Rxd7 Qxd7 30. Rb1 Nxc1 31. Rxc1 Qd2 32. Qxd2 Rxd2 33. Kg1 Nh5
34. Bf3 Nxg3 35. Re1 f5 36. Bg2 Nxe4 37. Nxe4 Bxe4 38. Bxe4 fxe4 39. Rxe4 Rd3
40. a4 Rxc3 41. axb5 axb5 42. Rxe5 b4 43. Rb5 b3 44. Kf1 Kf7 45. Ke1 Rh3 46.
Kd1 Rh1+ 47. Kd2 b2 48. Rxb2 Rh2+ 0-1

[Event "25. Open Internacional de Parla 2010"]
[Site "Parla ESP"]
[Date "2010.09.08"]
[Round "5.31"]
[White "De la Rosa Bretin, Adrian"]
[Black "Bote Kobolo, Benjamin"]
[Result "0-1"]
[WhiteElo "1712"]
[BlackElo "1969"]
[PlyCount "92"]
[EventDate "2010.09.04"]
[EventType "swiss"]
[EventRounds "9"]
[EventCountry "ESP"]
[Source "lmi"]
[SourceDate "2010.09.04"]

1. e4 Nc6 2. Nf3 e5 3. Bc4 Be7 4. b4 Bxb4 5. c3 Bc5 6. d4 exd4 7. O-O d3 8. Bg5
Nge7 9. Bh4 h6 10. Qxd3 O-O 11. Bb3 d6 12. Nbd2 Bg4 13. Nd4 Qd7 14. Bxe7 Nxe7
15. f4 Be6 16. Bc2 f5 17. Kh1 Bxd4 18. cxd4 fxe4 19. Nxe4 Bf5 20. g4 Bxe4+ 21.
Qxe4 d5 22. Qh7+ Kf7 23. g5 Rh8 24. Qd3 hxg5 25. fxg5+ Kg8 26. Rae1 Rf8 27. Qe3
Qd6 28. Rf2 Rxf2 29. Qxf2 g6 30. Re5 Rh7 31. Qf6 Qa3 32. Qe6+ Rf7 33. Bd1 Qc1
34. Re1 Qxg5 35. Bg4 Kg7 36. Qe5+ Qxe5 37. dxe5 Rf4 38. Bd7 Re4 39. Rxe4 dxe4
40. Kg2 c5 41. Kf2 Nd5 42. Be6 Nc3 43. Ke3 b5 44. a3 a5 45. Kd2 b4 46. a4 Nxa4
0-1

[Event "25. Open Internacional de Parla 2010"]
[Site "Parla ESP"]
[Date "2010.09.08"]
[Round "5.32"]
[White "Garcia-Ines Sanchez, Gustavo"]
[Black "Sanchez Rodriguez, Jaime"]
[Result "0-1"]
[WhiteElo "1685"]
[BlackElo "1958"]
[PlyCount "86"]
[EventDate "2010.09.04"]
[EventType "swiss"]
[EventRounds "9"]
[EventCountry "ESP"]
[Source "lmi"]
[SourceDate "2010.09.04"]

1. e4 d5 2. Nc3 d4 3. Nce2 e5 4. d3 Nf6 5. g3 Be7 6. Bg2 O-O 7. Nf3 Nc6 8. Neg1
h6 9. h3 Be6 10. g4 Nh7 11. Nh2 Bb4+ 12. Bd2 Qe7 13. h4 Rfd8 14. Ngf3 Rd7 15.
O-O f6 16. a3 Bxd2 17. Nxd2 Rf8 18. f4 exf4 19. Rxf4 Ne5 20. Ndf3 Ng6 21. Rf5
Bxf5 22. gxf5 Ne5 23. Kh1 Kf7 24. Nxe5+ fxe5 25. Qh5+ Kg8 26. Rg1 Nf6 27. Qg6
Rd6 28. Qg3 Nh5 29. Qe1 Nf4 30. Ng4 h5 31. Nh2 Rc6 32. Nf3 Rxc2 33. Ng5 Nxd3
34. Qa5 Nf2+ 35. Kh2 Ng4+ 36. Kh1 Rxb2 37. Qd5+ Kh8 38. Nf3 d3 39. Ng5 c5 40.
Qe6 Qxe6 41. Nxe6 Rc8 42. Rc1 d2 43. Rd1 Nf2+ 0-1

[Event "25. Open Internacional de Parla 2010"]
[Site "Parla ESP"]
[Date "2010.09.08"]
[Round "5.33"]
[White "Hernandez Mateo, Borja"]
[Black "Ramirez Bulnes, Joaquin"]
[Result "1-0"]
[WhiteElo "1617"]
[BlackElo "1946"]
[PlyCount "78"]
[EventDate "2010.09.04"]
[EventType "swiss"]
[EventRounds "9"]
[EventCountry "ESP"]
[Source "lmi"]
[SourceDate "2010.09.04"]

1. e4 c6 2. c4 d5 3. exd5 cxd5 4. cxd5 Nf6 5. Nc3 Nxd5 6. Bc4 Nxc3 7. Qf3 e6 8.
dxc3 Nc6 9. Bf4 Be7 10. Ne2 O-O 11. O-O Na5 12. Bd3 f5 13. Qg3 Bh4 14. Qe3 Bf6
15. Rad1 Qe7 16. b4 Nc6 17. Bc4 Rd8 18. Rxd8+ Nxd8 19. Nd4 Bxd4 20. Qxd4 Nf7
21. Re1 Bd7 22. Qe3 Re8 23. Qxa7 g5 24. Be3 Bc6 25. Qc5 Nd6 26. Bb3 Rc8 27. Qe5
Bd7 28. Bc5 Rxc5 29. Qxc5 Kf7 30. Rd1 Ne8 31. Qxe7+ Kxe7 32. f3 Nd6 33. a4 e5
34. Rd5 Nf7 35. Rxd7+ Kxd7 36. Bxf7 Kd6 37. c4 e4 38. fxe4 fxe4 39. Bd5 b6 1-0

[Event "25. Open Internacional de Parla 2010"]
[Site "Parla ESP"]
[Date "2010.09.08"]
[Round "5.34"]
[White "Camarero Izquierdo, Juan Carlos"]
[Black "De la Orden Alcocer, Alejandro"]
[Result "1/2-1/2"]
[WhiteElo "1941"]
[BlackElo "1798"]
[PlyCount "189"]
[EventDate "2010.09.04"]
[EventType "swiss"]
[EventRounds "9"]
[EventCountry "ESP"]
[Source "lmi"]
[SourceDate "2010.09.04"]

1. e4 c5 2. Nf3 e6 3. d4 cxd4 4. Nxd4 a6 5. Bd3 Ne7 6. O-O Nbc6 7. Ne2 Ng6 8.
f4 Bc5+ 9. Kh1 b5 10. e5 Bb7 11. Nbc3 Nb4 12. Be4 Qc7 13. Bxb7 Qxb7 14. Ng3 Nh4
15. Nce4 Be7 16. c3 Nd5 17. Qg4 f5 18. exf6 Nxf6 19. Nxf6+ Bxf6 20. Nh5 Nf5 21.
Nxf6+ gxf6 22. Qh5+ Ke7 23. Qf3 Qxf3 24. Rxf3 h5 25. Be3 Rac8 26. Bf2 Rc4 27.
Rd1 Re4 28. Rfd3 d5 29. g3 Rc8 30. Kg2 Re2 31. R1d2 Rxd2 32. Rxd2 Nd6 33. Kh3
f5 34. Kh4 Kf7 35. Bd4 Kg6 36. h3 Ne4 37. Rg2 Rc7 38. Be5 Rc6 39. g4 hxg4 40.
hxg4 fxg4 41. Kxg4 Rc8 42. f5+ Kf7 43. Kf4 exf5 44. Kxf5 Rc6 45. Rg7+ Ke8 46.
Bd4 Rh6 47. Ke5 Rh5+ 48. Ke6 Kf8 49. Rf7+ Ke8 50. Ra7 Kd8 51. Rd7+ Kc8 52. Rxd5
Rh6+ 53. Ke5 Ng3 54. Rd6 Rxd6 55. Kxd6 Kb7 56. Kc5 Nf5 57. Kb4 Ne7 58. c4 bxc4
59. Kxc4 Nc6 60. a3 Na5+ 61. Kb4 Nc6+ 62. Kc5 Nb8 63. b4 Nc6 64. Bf6 Nb8 65.
Be7 Nc6 66. Bd6 Na7 67. a4 Nc6 68. b5 Na7 69. b6 Nc8 70. a5 Na7 71. Kc4 Nc6 72.
Bb4 Na7 73. Bc3 Nc6 74. Kd5 Na7 75. Bd2 Nc6 76. Kd6 Na7 77. Kd7 Nc6 78. Bc1 Na7
79. Be3 Nc6 80. Bc5 Na7 81. bxa7 Ka8 82. Bf2 Kb7 83. Bb6 Ka8 84. Bc5 Kb7 85.
Bd6 Ka8 86. Kd8 Kb7 87. Kd7 Kxa7 88. Kc7 Ka8 89. Be5 Ka7 90. Bd4+ Ka8 91. Kb6
Kb8 92. Kxa6 Ka8 93. Kb6 Kb8 94. a6 Ka8 95. a7 1/2-1/2

[Event "25. Open Internacional de Parla 2010"]
[Site "Parla ESP"]
[Date "2010.09.08"]
[Round "5.35"]
[White "Gutierrez Gonzalez, Francisco Javier"]
[Black "Lopez Garralon, Miguel"]
[Result "0-1"]
[WhiteElo "1918"]
[BlackElo "1788"]
[PlyCount "36"]
[EventDate "2010.09.04"]
[EventType "swiss"]
[EventRounds "9"]
[EventCountry "ESP"]
[Source "lmi"]
[SourceDate "2010.09.04"]

1. c4 d6 2. Nc3 Nf6 3. d4 Nbd7 4. e4 e5 5. d5 Be7 6. f3 h6 7. Be3 g5 8. Qd2 Nh5
9. Nge2 Nf8 10. O-O-O Ng6 11. g3 Bd7 12. Kb1 a6 13. f4 exf4 14. gxf4 Nhxf4 15.
Nxf4 gxf4 16. Bxf4 Nxf4 17. Qxf4 Bg5 18. Qf3 Qe7 0-1

[Event "25. Open Internacional de Parla 2010"]
[Site "Parla ESP"]
[Date "2010.09.08"]
[Round "5.36"]
[White "Perez Cameselle, Francisco"]
[Black "Montoya Pecurul, Marc"]
[Result "1/2-1/2"]
[WhiteElo "1917"]
[BlackElo "1629"]
[PlyCount "70"]
[EventDate "2010.09.04"]
[EventType "swiss"]
[EventRounds "9"]
[EventCountry "ESP"]
[Source "lmi"]
[SourceDate "2010.09.04"]

1. Nf3 Nf6 2. g3 d5 3. Bg2 Nc6 4. d3 e6 5. O-O Be7 6. Nbd2 O-O 7. e4 a5 8. e5
Nd7 9. Qe2 b6 10. Re1 a4 11. a3 Bc5 12. Nf1 Nd4 13. Qd1 Nxf3+ 14. Qxf3 f6 15.
exf6 Rxf6 16. Bf4 Bb7 17. Qg4 Bxf2+ 18. Kxf2 e5 19. Kg1 exf4 20. Qh5 Nc5 21.
Re5 Rh6 22. Qg5 fxg3 23. Nxg3 Rg6 24. Qxd8+ Rxd8 25. Rae1 Na6 26. Nf5 Kf8 27.
Kf2 Rf6 28. Kg3 Nb8 29. Nd4 Bc8 30. Bxd5 c6 31. Ne6+ Bxe6 32. Bxe6 Nd7 33. Bxd7
Rxd7 34. Re6 Kf7 35. Rxf6+ Kxf6 1/2-1/2

[Event "25. Open Internacional de Parla 2010"]
[Site "Parla ESP"]
[Date "2010.09.08"]
[Round "5.37"]
[White "Tarin Casado, Francisco"]
[Black "Garcia Hernandez, Javier"]
[Result "1-0"]
[WhiteElo "1915"]
[BlackElo "1654"]
[PlyCount "103"]
[EventDate "2010.09.04"]
[EventType "swiss"]
[EventRounds "9"]
[EventCountry "ESP"]
[Source "lmi"]
[SourceDate "2010.09.04"]

1. b3 e5 2. Bb2 Nc6 3. e3 Nf6 4. g3 d5 5. Bg2 Bg4 6. Ne2 Qd7 7. h3 Bf5 8. a3
Bd6 9. Nbc3 Be7 10. d3 O-O-O 11. Qd2 d4 12. exd4 exd4 13. Nb5 Bc5 14. b4 Bb6
15. a4 a6 16. Na3 Rhe8 17. Nc4 Ne5 18. Nxb6+ cxb6 19. Kf1 Ng6 20. Nxd4 Be6 21.
Nxe6 Rxe6 22. h4 h5 23. Bxf6 Rxf6 24. Bh3 Rf5 25. Re1 Qd5 26. Bxf5+ Qxf5 27.
Qe3 Qd5 28. Qe4 Qd6 29. Kg2 Rd7 30. Qc4+ Kd8 31. Qe4 Re7 32. Qf3 Qxb4 33. Rxe7
Qxe7 34. Qe4 Qxe4+ 35. dxe4 Ne5 36. Rd1+ Ke7 37. Rd5 f6 38. f4 Nc6 39. Rxh5 Nd4
40. Rh7 Kf7 41. Rh8 Nxc2 42. Rb8 Ne3+ 43. Kf3 Nc4 44. Rxb7+ Kg8 45. f5 Kh7 46.
g4 Kh6 47. Ra7 a5 48. Ra8 Kh7 49. g5 fxg5 50. hxg5 Nb2 51. g6+ Kh6 52. Kg4 1-0

[Event "25. Open Internacional de Parla 2010"]
[Site "Parla ESP"]
[Date "2010.09.08"]
[Round "5.38"]
[White "Fernandez Gil, Ruben C"]
[Black "Rodrigo Yanguas, Maria"]
[Result "0-1"]
[WhiteElo "1719"]
[BlackElo "2095"]
[PlyCount "124"]
[EventDate "2010.09.04"]
[EventType "swiss"]
[EventRounds "9"]
[EventCountry "ESP"]
[Source "lmi"]
[SourceDate "2010.09.04"]

1. c4 Nc6 2. Nc3 e5 3. d3 Bc5 4. Nf3 a6 5. g3 d6 6. Bg2 Nge7 7. O-O O-O 8. a3
f5 9. b4 Ba7 10. e3 Ng6 11. Nd5 Nce7 12. Nxe7+ Qxe7 13. d4 f4 14. dxe5 dxe5 15.
exf4 exf4 16. Bb2 fxg3 17. hxg3 Qf7 18. Qc2 Bf5 19. Qc3 Rad8 20. Ng5 Qf6 21.
Bd5+ Rxd5 22. cxd5 Qxc3 23. Bxc3 Bd3 24. Ne6 Rf5 25. Nxc7 Bxf1 26. Rxf1 Rf3 27.
Bb2 Rxg3+ 28. Kh2 Rd3 29. Ne6 Rxd5 30. Kg2 Nh4+ 31. Kg3 Nf5+ 32. Kg2 Nh4+ 33.
Kg3 Nf5+ 34. Kf4 g6 35. Rc1 Ne7 36. Ke4 Rd7 37. Rc3 Nc6 38. Rf3 Rf7 39. Rxf7
Kxf7 40. Ng5+ Kg8 41. f4 h6 42. Nf3 Kf7 43. Kd5 Ne7+ 44. Kd6 Bb8+ 45. Kd7 Bxf4
46. Ne5+ Kf8 47. Nd3 Be3 48. Kc7 b6 49. Bc1 Bxc1 50. Nxc1 b5 51. Kb6 Nc8+ 52.
Kxa6 Nd6 53. Kb6 h5 54. Kc5 Ke7 55. Nd3 g5 56. Kd5 Nf7 57. Ke4 Kd6 58. Kf3 h4
59. Kg4 Ne5+ 60. Kxg5 Nxd3 61. Kxh4 Nxb4 62. axb4 Kd5 0-1

[Event "25. Open Internacional de Parla 2010"]
[Site "Parla ESP"]
[Date "2010.09.08"]
[Round "5.39"]
[White "Tipter, Napoleon"]
[Black "Garcia-Osorio Prado, Miguel Angel"]
[Result "1-0"]
[WhiteElo "2027"]
[BlackElo "1675"]
[PlyCount "35"]
[EventDate "2010.09.04"]
[EventType "swiss"]
[EventRounds "9"]
[EventCountry "ESP"]
[Source "lmi"]
[SourceDate "2010.09.04"]

1. e4 c5 2. Nf3 e6 3. d4 cxd4 4. Nxd4 a6 5. Nc3 Qc7 6. Be2 b5 7. O-O Bb7 8. Bf3
d6 9. Re1 Nd7 10. Bg5 Be7 11. Bxe7 Nxe7 12. Ndxb5 axb5 13. Nxb5 Qb6 14. Nxd6+
Kf8 15. Nxb7 Qxb7 16. e5 Nc6 17. Qd6+ Ke8 18. Bxc6 1-0

[Event "25. Open Internacional de Parla 2010"]
[Site "Parla ESP"]
[Date "2010.09.08"]
[Round "5.40"]
[White "Laynez Aspenberg, Jose"]
[Black "Al-Zarif, Bassam"]
[Result "0-1"]
[WhiteElo "1912"]
[BlackElo "1691"]
[PlyCount "64"]
[EventDate "2010.09.04"]
[EventType "swiss"]
[EventRounds "9"]
[EventCountry "ESP"]
[Source "lmi"]
[SourceDate "2010.09.04"]

1. d4 d5 2. c4 dxc4 3. e3 Nf6 4. Bxc4 e6 5. Nf3 c5 6. Nc3 a6 7. O-O b5 8. Bd3
Bb7 9. a3 Nbd7 10. Qe2 Be7 11. Rd1 O-O 12. dxc5 Bxc5 13. b4 Be7 14. Bb2 Qb8 15.
Rac1 Rd8 16. h3 Qa7 17. Nd4 Rac8 18. Bb1 Qa8 19. e4 Ne5 20. f3 Qa7 21. Kh2 Nc4
22. Nb3 Qb8+ 23. g3 Nh5 24. Rg1 Bd6 25. f4 Nxf4 26. gxf4 Bxf4+ 27. Kh1 Bxc1 28.
Bxc1 Nxa3 29. Bh6 g6 30. Qf3 Qe5 31. Nc5 Ba8 32. Bd3 Qxc3 0-1

[Event "25. Open Internacional de Parla 2010"]
[Site "Parla ESP"]
[Date "2010.09.08"]
[Round "5.42"]
[White "Sanchez Tapia, Luis"]
[Black "Callejo Hernanz, Jesus Maria"]
[Result "0-1"]
[WhiteElo "1638"]
[BlackElo "1815"]
[PlyCount "94"]
[EventDate "2010.09.04"]
[EventType "swiss"]
[EventRounds "9"]
[EventCountry "ESP"]
[Source "lmi"]
[SourceDate "2010.09.04"]

1. e4 c5 2. Nf3 d6 3. Bc4 Nc6 4. d4 cxd4 5. Nxd4 Nf6 6. Nc3 g6 7. Be3 Bg7 8.
Nxc6 bxc6 9. O-O O-O 10. Qd2 Ng4 11. Rfd1 Nxe3 12. Qxe3 Be6 13. Bxe6 fxe6 14.
f4 Qb6 15. Qxb6 axb6 16. g3 Bxc3 17. bxc3 Ra3 18. Rd3 Rfa8 19. c4 Rxa2 20. Rxa2
Rxa2 21. Rc3 Kf7 22. Kf2 Rb2 23. Ke3 d5 24. e5 c5 25. Kd3 b5 26. cxb5 Rxb5 27.
Ra3 Rb1 28. c4 Rd1+ 29. Ke2 Rd4 30. cxd5 exd5 31. Ra5 Rc4 32. Kd3 Rc1 33. Kd2
Rc4 34. Kd3 Rd4+ 35. Ke3 Re4+ 36. Kf3 Rc4 37. Ra3 Rc1 38. Ra5 d4 39. Ke2 c4 40.
Ra4 d3+ 41. Kd2 Rc2+ 42. Kd1 c3 43. Ra3 Ke6 44. Ra6+ Kf5 45. Ra7 Rxh2 46. Ke1
c2 47. Rc7 d2+ 0-1

[Event "25. Open Internacional de Parla 2010"]
[Site "Parla ESP"]
[Date "2010.09.08"]
[Round "5.43"]
[White "Ruiz Escobar, Israel"]
[Black "Cerrato Sampablo, Antonio"]
[Result "1/2-1/2"]
[WhiteElo "1815"]
[BlackElo "1621"]
[PlyCount "111"]
[EventDate "2010.09.04"]
[EventType "swiss"]
[EventRounds "9"]
[EventCountry "ESP"]
[Source "lmi"]
[SourceDate "2010.09.04"]

1. d4 e6 2. Bf4 d5 3. Nf3 Nf6 4. e3 Nh5 5. Bg5 Be7 6. h4 f6 7. Ne5 g6 8. g4 Ng7
9. Bh6 fxe5 10. Bxg7 Rg8 11. Bxe5 Bxh4 12. Nc3 Rf8 13. Rh2 Nd7 14. Bxc7 Bxf2+
15. Rxf2 Qxc7 16. Rxf8+ Nxf8 17. Qf3 Bd7 18. O-O-O O-O-O 19. Kb1 a6 20. Ne2 Bc6
21. Bh3 g5 22. Bg2 Ng6 23. Qf6 Qe7 24. Qxe7 Nxe7 25. Rf1 Bb5 26. Rf2 Ng6 27.
Nc3 Bd7 28. e4 Nf4 29. exd5 Nxg2 30. Rxg2 exd5 31. Nxd5 Bc6 32. Ne7+ Kc7 33.
Nxc6 Rf8 34. c3 Kxc6 35. Kc2 Kd6 36. Kd3 Rf4 37. Ke3 Kd5 38. Ke2 b5 39. Ke3 b4
40. Kd3 bxc3 41. bxc3 Rf3+ 42. Kd2 Kc4 43. Rh2 Rd3+ 44. Ke2 Kxc3 45. Rh5 Rxd4
46. Rxg5 h6 47. Rg6 Ra4 48. Ke3 h5 49. g5 Kb2 50. Rf6 Kxa2 51. Rf4 Ra5 52. g6
Rg5 53. Ra4+ Kb3 54. Rxa6 h4 55. Kf4 Rg1 56. Ra5 1/2-1/2

[Event "25. Open Internacional de Parla 2010"]
[Site "Parla ESP"]
[Date "2010.09.08"]
[Round "5.44"]
[White "Suarez Prieto, Leopoldo"]
[Black "Hernandez Gutierrez, Jose"]
[Result "0-1"]
[WhiteElo "1815"]
[BlackElo "1975"]
[PlyCount "70"]
[EventDate "2010.09.04"]
[EventType "swiss"]
[EventRounds "9"]
[EventCountry "ESP"]
[Source "lmi"]
[SourceDate "2010.09.04"]

1. e4 c6 2. f4 d5 3. Nc3 dxe4 4. Nxe4 Qd4 5. d3 Nd7 6. Nf3 Qb6 7. b3 Ngf6 8.
Qe2 Nxe4 9. dxe4 Nf6 10. c3 Bg4 11. h3 Bxf3 12. Qxf3 e6 13. b4 a5 14. Be3 Qc7
15. b5 b6 16. Be2 Bc5 17. Bxc5 bxc5 18. Rb1 O-O 19. O-O cxb5 20. Bxb5 Rab8 21.
c4 Rbd8 22. e5 Nd7 23. a4 Nb6 24. Rfd1 Rd4 25. Rxd4 cxd4 26. Rc1 Qc5 27. Qd3
Rd8 28. Kh2 Nd5 29. Qd2 Nb4 30. Kg3 g5 31. Kg4 h6 32. h4 f5+ 33. Kh5 g4 34. Rc3
Qf8 35. Rg3 Kh7 0-1

[Event "25. Open Internacional de Parla 2010"]
[Site "Parla ESP"]
[Date "2010.09.08"]
[Round "5.50"]
[White "Cano Cabanillas, Javier"]
[Black "Sousa Barreiro, Bieito"]
[Result "1-0"]
[WhiteElo "1933"]
[BlackElo "1676"]
[PlyCount "119"]
[EventDate "2010.09.04"]
[EventType "swiss"]
[EventRounds "9"]
[EventCountry "ESP"]
[Source "lmi"]
[SourceDate "2010.09.04"]

1. e4 e5 2. Bc4 Nc6 3. Nf3 Nf6 4. Ng5 d5 5. exd5 Na5 6. Bb5+ c6 7. dxc6 bxc6 8.
Qf3 Qd5 9. Qxd5 Nxd5 10. Ba4 h6 11. Nf3 Nb6 12. Bb3 Nxb3 13. axb3 f6 14. d3 Nd5
15. Nbd2 Nb4 16. Kd1 Bg4 17. Re1 Kf7 18. Ra4 Bd6 19. Re4 Bxf3+ 20. Nxf3 c5 21.
Bd2 a5 22. Bxb4 axb4 23. Re1 Rhe8 24. Nd2 Ke6 25. Nc4 Rxa4 26. bxa4 Kd5 27. b3
Kc6 28. f4 Kd5 29. Kd2 Re7 30. f5 g6 31. Ne3+ Kc6 32. h3 h5 33. Rf1 Rg7 34. Ke2
h4 35. fxg6 Rxg6 36. Ng4 Be7 37. Ke3 Kd5 38. Rf5 Ke6 39. Rh5 f5 40. Nf2 Rxg2
41. Rh6+ Bf6 42. Kf3 Rg1 43. Ke2 Rg8 44. Rh7 Kd5 45. Rd7+ Ke6 46. Rb7 Be7 47.
Rb6+ Bd6 48. Rb7 Be7 49. Rb6+ Bd6 50. Rb7 Rg2 51. a5 Rg8 52. a6 Ra8 53. a7 Be7
54. Nd1 Kd6 55. Ne3 Bd8 56. Nxf5+ Kc6 57. Rh7 Bc7 58. Rxh4 Rxa7 59. Rh6+ Kd5
60. Ne7+ 1-0

[Event "25. Open Internacional de Parla 2010"]
[Site "Parla ESP"]
[Date "2010.09.08"]
[Round "5.51"]
[White "Feringan Casanova, Antonio"]
[Black "Rios Barba, Faustino"]
[Result "1-0"]
[WhiteElo "1844"]
[BlackElo "1591"]
[PlyCount "37"]
[EventDate "2010.09.04"]
[EventType "swiss"]
[EventRounds "9"]
[EventCountry "ESP"]
[Source "lmi"]
[SourceDate "2010.09.04"]

1. d4 d5 2. c4 c6 3. cxd5 cxd5 4. Nc3 Nf6 5. Nf3 Nc6 6. Bg5 e6 7. e3 Be7 8. Bd3
a6 9. O-O b5 10. a3 h6 11. Bh4 O-O 12. Rc1 Bb7 13. b4 Nd7 14. Bxe7 Qxe7 15. Bb1
Nb6 16. Qd3 f5 17. Ne2 Nc4 18. Nf4 Rac8 19. Ng6 1-0

[Event "25. Open Internacional de Parla 2010"]
[Site "Parla ESP"]
[Date "2010.09.08"]
[Round "5.52"]
[White "Kalynovsky, Martin"]
[Black "Nieto Esteban, Manuel"]
[Result "1-0"]
[WhiteElo "1634"]
[BlackElo "1823"]
[PlyCount "81"]
[EventDate "2010.09.04"]
[EventType "swiss"]
[EventRounds "9"]
[EventCountry "ESP"]
[Source "lmi"]
[SourceDate "2010.09.04"]

1. e4 e5 2. Nf3 Nf6 3. Nxe5 d6 4. Nf3 Nxe4 5. Qe2 Qe7 6. d3 Nf6 7. Bg5 Qxe2+ 8.
Bxe2 Be7 9. Nc3 c6 10. O-O-O d5 11. Rhe1 O-O 12. d4 Nbd7 13. Bd3 Bd6 14. h3 h6
15. Bh4 g5 16. Bg3 Bxg3 17. fxg3 Nh5 18. Ne2 Ndf6 19. g4 Ng7 20. Ng3 Bd7 21.
Ne5 Rae8 22. Rf1 Rxe5 23. dxe5 Nfe8 24. Nf5 Nxf5 25. Bxf5 Bxf5 26. gxf5 Nc7 27.
c3 Rd8 28. Rde1 Kg7 29. g4 a6 30. Rh1 Rh8 31. Rh2 Re8 32. h4 gxh4 33. Rxh4 Nb5
34. Kd2 Nc7 35. Rh5 Nb5 36. g5 hxg5 37. Rxg5+ Kf8 38. f6 Re6 39. Rh1 Ke8 40.
Rh8+ Kd7 41. Rh7 1-0

[Event "25. Open Internacional de Parla 2010"]
[Site "Parla ESP"]
[Date "2010.09.08"]
[Round "5.53"]
[White "Martinez Miura, Enrique"]
[Black "Roldan Criado, Angel"]
[Result "1/2-1/2"]
[WhiteElo "1731"]
[BlackElo "1462"]
[PlyCount "63"]
[EventDate "2010.09.04"]
[EventType "swiss"]
[EventRounds "9"]
[EventCountry "ESP"]
[Source "lmi"]
[SourceDate "2010.09.04"]

1. e4 e5 2. Nf3 d6 3. d4 Nc6 4. dxe5 dxe5 5. Qxd8+ Kxd8 6. Bc4 f6 7. h3 Bc5 8.
O-O Nge7 9. Rd1+ Bd7 10. Be6 Nd4 11. Nxd4 Bxd4 12. Bxd7 Kxd7 13. c3 c5 14. cxd4
cxd4 15. Nc3 a6 16. f4 Rhc8 17. fxe5 fxe5 18. Bg5 Ke6 19. Na4 Rc2 20. Nb6 Rf8
21. Rd2 Rc6 22. Bxe7 Kxe7 23. Nd5+ Ke6 24. Rf1 Rfc8 25. Rdf2 Rc2 26. Rf7 Re2
27. Ne7 Rc7 28. Rxg7 Rxe7 29. Rg4 d3 30. Rd1 d2 31. Kf1 Re3 32. Rxd2 1/2-1/2

[Event "25. Open Internacional de Parla 2010"]
[Site "Parla ESP"]
[Date "2010.09.08"]
[Round "5.55"]
[White "Martinez Soler, Manuel"]
[Black "Martinez Martinez, Antonio"]
[Result "1-0"]
[WhiteElo "1563"]
[BlackElo "1695"]
[PlyCount "77"]
[EventDate "2010.09.04"]
[EventType "swiss"]
[EventRounds "9"]
[EventCountry "ESP"]
[Source "lmi"]
[SourceDate "2010.09.04"]

1. d4 g6 2. c4 d6 3. Nf3 Bg7 4. e3 c6 5. Nc3 Bg4 6. h3 Bd7 7. Be2 Na6 8. O-O f5
9. e4 fxe4 10. Nxe4 Bf5 11. Nc3 Nb4 12. Be3 Qb6 13. Qd2 Nc2 14. g4 Nxe3 15.
Qxe3 Bh6 16. g5 Bg7 17. h4 Qc7 18. Rad1 O-O-O 19. Rfe1 h6 20. Ne4 hxg5 21.
Nexg5 Bh6 22. Bd3 Qd7 23. Bxf5 Qxf5 24. Qe6+ Qxe6 25. Nxe6 Re8 26. d5 c5 27.
Kh2 Nf6 28. Kh3 Nh5 29. Re4 Nf6 30. Ree1 Kd7 31. Rg1 Reg8 32. Nfg5 Ne8 33. f4
Ng7 34. Rde1 Nf5 35. Rg4 Nd4 36. Nf7 Rh7 37. Nxh6 Rxh6 38. Nxd4 cxd4 39. Re4
1-0

[Event "25. Open Internacional de Parla 2010"]
[Site "Parla ESP"]
[Date "2010.09.09"]
[Round "6.1"]
[White "Corrales Jimenez, Fidel"]
[Black "Del Rio de Angelis, Salvador G"]
[Result "1-0"]
[WhiteElo "2599"]
[BlackElo "2515"]
[PlyCount "65"]
[EventDate "2010.09.04"]
[EventType "swiss"]
[EventRounds "9"]
[EventCountry "ESP"]
[Source "lmi"]
[SourceDate "2010.09.04"]

1. e4 e6 2. d4 d5 3. Nc3 Bb4 4. e5 c5 5. a3 Bxc3+ 6. bxc3 Ne7 7. Qg4 Qc7 8.
Qxg7 Rg8 9. Qxh7 cxd4 10. Ne2 Nbc6 11. f4 Bd7 12. Qd3 dxc3 13. Nxc3 a6 14. Ne2
Rc8 15. Rb1 Na7 16. Nd4 Nb5 17. Bd2 Nxd4 18. Qxd4 Nf5 19. Qb4 Bc6 20. Rg1 f6
21. exf6 Qh7 22. Qc5 Qxh2 23. Qf2 Ng3 24. Bd3 Qh4 25. Bc3 Rg4 26. Be5 Kf7 27.
Qa7 Ne4+ 28. g3 Qh2 29. Rxb7+ Bxb7 30. Qxb7+ Kg6 31. Bxe4+ dxe4 32. Qxe4+ Kf7
33. Rh1 1-0

[Event "25. Open Internacional de Parla 2010"]
[Site "Parla ESP"]
[Date "2010.09.09"]
[Round "6.2"]
[White "Gomez Garrido, Camilo"]
[Black "Strikovic, Aleksa"]
[Result "0-1"]
[WhiteElo "2514"]
[BlackElo "2560"]
[PlyCount "76"]
[EventDate "2010.09.04"]
[EventType "swiss"]
[EventRounds "9"]
[EventCountry "ESP"]
[Source "lmi"]
[SourceDate "2010.09.04"]

1. e4 d6 2. d4 Nf6 3. Nc3 e5 4. Nf3 Nbd7 5. Bc4 Be7 6. O-O Nb6 7. Be2 exd4 8.
Nxd4 O-O 9. Bf4 c6 10. Qd3 d5 11. e5 Ne8 12. Nf5 Bxf5 13. Qxf5 g6 14. Qh3 Ng7
15. Rad1 Nd7 16. Bg4 f5 17. exf6 Nxf6 18. Be6+ Nxe6 19. Qxe6+ Rf7 20. Rfe1 Nh5
21. Be5 Ng7 22. Qg4 Qf8 23. f4 Bd6 24. g3 Bxe5 25. Rxe5 Qb4 26. Rb1 Re7 27.
Rxe7 Qxe7 28. Qe2 Re8 29. Qxe7 Rxe7 30. Kf2 Nf5 31. h3 Nd4 32. Rc1 Kf7 33. a4
a5 34. g4 Kf6 35. Kg2 Re3 36. h4 h5 37. Rd1 Nxc2 38. gxh5 Rxc3 0-1